Normal view
MARC view
Entry Personal Name
001 - CONTROL NUMBER
- control field: 14875
003 - CONTROL NUMBER IDENTIFIER
- control field: HDC
005 - DATE AND TIME OF LATEST TRANSACTION
- control field: 20230624073437.0
008 - FIXED-LENGTH DATA ELEMENTS
- fixed length control field: 210214|| aca||aabn | a|a d
040 ## - CATALOGING SOURCE
- Original cataloging agency: HDC
- Transcribing agency: HDC
100 ## - HEADING--PERSONAL NAME
- Personal name: Novak, Patrick
- Titles and other words associated with a name: author
670 ## - SOURCE DATA FOUND
- Source citation: Work cat.: (HDC): Novak, Patrick author, Demand Estimation for Agricultural Processing Co-products / by, 2006
